عرض عادي عرض مارك
  • هلال، رؤوف عبد الحفيظ

مدخل إسم شخص

عدد التسجيلات المستخدمة في: 1

001 - رقم الضبط

  • حقل الضبط: 44073

003 - معرف رقم الضبط

  • حقل الضبط: OSt

005 - تاريخ ووقت أخر عملية

  • حقل الضبط: 20140424103218.0

008 - عناصر بيانات ثابتة الطول

  • حقل تحكم ثابت الطول: 140424|||a|||||| | ||| d

040 ## - مصدر الفهرسة

  • هيئة الفهرسة الأصلية: OSt
  • وكالة الكتابة: OSt

100 ## - مدخل -- أسم شخص

  • إسم شخص: هلال، رؤوف عبد الحفيظ

670 ## - بيانات المصدر موجوده

  • الاستشهاد بالمصدر: Work cat.: (OSt): هلال، رؤوف عبد الحفيظ , التحالفات الاستراتيجية بين مؤسسات المعلومات /, 2014